00554 2200193 4500001002100000005001500021035002000036245009600056100002500152300002600177260003200203082001100235084001700246020002200263600002400285990001700309990001700326990001700343INLIS00000000000151120260630074446 a0010-06260000221 aMateri Tausiyah Ustadz Gaul, Ceramah Inspiratif, Segar dan Menghibur /cIbnu Mas'ad Masjhur0 aMasjhur, Ibnu Mas'ad a262 hlm ;c14 X 21 cm aYogyakarta :bAraska,c2024 a297.37 a297.37 MAS m a978-623-7145-68-4 4aCeramah Agama Islam a4912/PP/2026 a4913/PP/2026 a4914/PP/2026